000 00462nam a2200121 a 4500
008 120416s9999 xx |||||||||||||| || u
050 _aTS 230 Har
100 _aHarper, J. D
245 1 0 _aSmall scale foundries for developing countries
246 _aa guide to process selection
350 _a0.00
995 _D0.00
_FCBU-MAIN LIBRARY (Kitwe)
_H1
_I5.95
_UWEEDED
_VAug 31, 2017
_ZMain Library Open Access Collection
999 _c57602
_d57602